000 02221cam a22004934a 4500
003 PE-LiUPU
005 20250731172852.0
008 080220r20082002vtua rb 001 0ceng
020 _a1594732418
020 _a9781594732416
035 _a(Sirsi) i9781594732416
040 _aDLC
_bspa
_cDLC
_dBAKER
_dBTCTA
_dYDXCP
_dGHS
_dQBX
_dVP@
_dBDX
_dOCLCF
_dOCLCQ
_dPE-LiUPU
_erda
082 0 0 _a200.922
_bS75
_222
245 1 0 _aSpiritual leaders who changed the world :
_bthe essential handbook to the past century of religion /
_cedited by Ira Rifkin ; and the editors at SkyLight Paths ; foreword by Robert Coles.
300 _axviii, 277 páginas :
_bilustraciones ;
_c23 centímetros
336 _atext
_2rdacontent
337 _aunmediated
_2rdamedia
338 _avolume
_2rdacarrier
504 _aÍndices: páginas 273-277.
505 0 _aThey shook things up -- They bore witness with their lives -- Their presence changed the world -- They made intellect a spiritual force -- They changed the world by writing -- They showed us love in action -- They brought the traditions together -- They spoke from the power of silence.
526 _aSEG42
526 _aSEG41
526 _aSEG40
526 _aSEG39
526 _aP94
526 _aP87
526 _aP86
526 _aP85
526 _aP77
526 _aP76
526 _aP35
650 0 _aBiografía espiritual.
700 1 _aRifkin, Ira.
856 4 1 _3Tabla de contedino
_uhttp://catdir.loc.gov/catdir/toc/ecip0811/2008007474.html
910 _ajck
_bebj
_cebj
_d20160615
942 _2ddc
_cBOOK
949 _a200.922 S75
_wDEWEY
_c1
_i73647
_lCCODEBUL1
_mBUL
_p5.00
_r0
_sY
_tBOOK
_u2016-6-15
_xTEOLOGIA
_PP35
_0COMPRA
_o.STAFF. Colección General Teología
994 _aC0
_bPEPRU
856 4 1 _3Tabla de contedino
_uhttp://catdir.loc.gov/catdir/toc/ecip0811/2008007474.html
596 _a1
999 _a200.922 S75
_wDEWEY
_c9963
_i73647
_f2021-11-9
_g5
_lCCODEBUL1
_mBUL
_p5.00
_r0
_sY
_tBOOK
_u2016-6-15
_xTEOLOGIA
_PP35
_0COMPRA
_o.STAFF. Colección General Teología
_d9963
264 _aWoodstock, VT :
_bSkyLight Paths Pub.,
_c©2008.
980 _81
_gALBERTO SANCHEZ Responsable de Automatización